Hormones in development and aging /

Bibliographic Details
Other Authors: Vernadakis, Antonia, 1930-, Timiras, Paola S.
Format: Book
Language:English
Published: Jamaica, N.Y. : Spectrum Publishers, [1982]
Series:SP medical & scientific books
Subjects:

MARC

Tag First Indicator Second Indicator Subfields
LEADER 00000cam a22000008a 4500
001 in00000087708
005 20151008062949.0
008 800925s1982 nyua b 00100 engm
010 |a  80024180  
020 |a 0893351407 
035 |a (OCoLC)06816006 
035 |9 AAK1296AM 
040 |a DLC  |c DLC  |d m.c.  |d TXA  |d UtOrBLW 
049 |a TXAM  |c [933326] 
050 0 0 |a QP187.6  |b  H67 
060 0 |a WK102 H8123 
082 0 |a 599.03  |2 19 
245 0 0 |a Hormones in development and aging /  |c edited by Antonia Vernadakis, Paola S. Timiras. 
263 |a 8103 
264 1 |a Jamaica, N.Y. :  |b Spectrum Publishers,  |c [1982] 
264 4 |c ©1982 
300 |a 686 pages :  |b illustrations ;  |c 26 cm. 
336 |a text  |b txt  |2 rdacontent 
337 |a unmediated  |b n  |2 rdamedia 
338 |a volume  |b nc  |2 rdacarrier 
490 0 |a SP medical & scientific books 
500 |a Includes bibliographies and index. 
650 0 |a Developmental endocrinology. 
650 0 |a Aging. 
650 2 |a Aging. 
650 2 |a Growth. 
650 0 |a Hormones  |x Metabolism. 
650 0 |a Neuropharmacology. 
700 1 |a Vernadakis, Antonia,  |d 1930- 
700 1 |a Timiras, Paola S. 
999 |a MARS 
999 f f |s 87d5e927-85e6-3be5-8efe-2f60c5a87d4e  |i 3b7e86e8-a7bd-36f0-a63d-1de31af86567  |t 0 
952 f f |p ric  |a Texas A&M University  |b Rellis Campus  |c Joint Library Facility  |d Remote Storage  |t 0  |e QP187.6 H67  |h Library of Congress classification  |i unmediated -- volume  |m A14805978996 
998 f f |a QP187.6 H67  |t 0  |l Remote Storage